书目信息 |
| 题名: |
中国兄弟连
|
|
| 作者: | 周瑟瑟 小说创作 ;吴玉中 , 郭爽 剧本原创 | |
| 分册: | ||
| 出版信息: | 南京 江苏美术出版社 2009.05 |
|
| 页数: | 341页 | |
| 开本: | 23cm | |
| 丛书名: | ||
| 单 册: | ||
| 中图分类: | I247.57 | |
| 科图分类: | ||
| 主题词: | 长篇小说--chang pian xiao shuo--中国--当代 | |
| 电子资源: | ||
| ISBN: | 978-7-5344-2805-0 | |
| 000 | 00991nam0 2200253 450 | |
| 001 | 012009915886 | |
| 005 | 20091128085212.21 | |
| 010 | @a978-7-5344-2805-0@dCNY35.00 | |
| 100 | @a20091128d2009 em y0chiy0120 ea | |
| 101 | 0 | @achi |
| 102 | @aCN@b320000 | |
| 105 | @ay z 000ay | |
| 106 | @ar | |
| 200 | 1 | @a中国兄弟连@Azhong guo xiong di lian@f周瑟瑟小说创作@Fzhou se se xiao shuo chuang zuo@g吴玉中, 郭爽剧本原创@Gwu yu zhong,guo shuang ju ben yuan chuang |
| 210 | @a南京@c江苏美术出版社@d2009.05 | |
| 215 | @a341页@d23cm | |
| 330 | @a本书由热播电视剧《中国兄弟连》改编而成,讲述了1937年7月7日,日本发动了对中国的全面战争,其中国军所属C连与新四军所属D连共同对战日本军队,逐步由仇人变为兄弟的故事。 | |
| 606 | 0 | @a长篇小说@Achang pian xiao shuo@y中国@z当代 |
| 690 | @aI247.57@v4 | |
| 701 | 0 | @a周瑟瑟@Azhou se se@4小说创作 |
| 702 | 0 | @a吴玉中@Awu yu zhong@4剧本原创 |
| 702 | 0 | @a郭爽@Aguo shuang@4剧本原创 |
| 801 | 0 | @aCN@bQSSK@c20091128 |
| 905 | @b765838-40@dI247.57@eZ796@f3 | |
| 中国兄弟连/周瑟瑟小说创作/吴玉中, 郭爽剧本原创.-南京:江苏美术出版社,2009.05 |
| 341页;23cm |
| ISBN 978-7-5344-2805-0:CNY35.00 |
| 本书由热播电视剧《中国兄弟连》改编而成,讲述了1937年7月7日,日本发动了对中国的全面战争,其中国军所属C连与新四军所属D连共同对战日本军队,逐步由仇人变为兄弟的故事。 |
| ● |
| 相关链接 |
|
|
|
正题名:中国兄弟连
索取号:I247.57/Z796
 
预约/预借
| 序号 | 登录号 | 条形码 | 馆藏地/架位号 | 状态 | 备注 |
| 1 | 765838 | 207658382 | 文学库108/108文学库 55排4列1层/ [索取号:I247.57/Z796] | 在馆 | |
| 2 | 765839 | 207658391 | 文学库108/108文学库 55排4列1层/ [索取号:I247.57/Z796] | 在馆 | |
| 3 | 765840 | 207658408 | 社科二线422/422社科库 50排1列4层/ [索取号:I247.57/Z796] | 在馆 |